00686 2200265 4500001002100000005001700021008004100038035002400079082001000103090001700113100001900130245009300149250001200242260002300254300001800277500001100295650001800306700001900324700001800343850001300361980001500374985000600389986001000395999001500405YOGYA-0209000002093520090227023456.0 ind  0010-020900000020935 a641.5 a641.5bHum P aHUME, Rosemary aPenguin cardon bleu cookercRose mary Hume and muriel Downes; ilustratet by Juliet Renny a1 st ed aLodonbilusc18 cm a509 hlmbilus aIndeks aResep makanan aDownes, Muriel aRenny, Juliet aYOPDYOGB a24-07-2006 a1 aPKL D a01A0004511